000 00758nam a2200253Ia 4500
003 OSt
005 20220928130147.0
006 a|||||r|||| 00| 0
007 ta
008 220927b |||||||| |||| 00| 0 eng d
020 _c21069.037
024 _a104650
037 _b18365, 04/01/2010, Shankers Book Agency
_cTextual
040 _aSDCL
_cSDCL
_beng
041 _2eng
_aeng
082 _aE9G,92Z, P6.35
100 _aDavies J S Ed.
_9472970
245 0 _aAmino acids, peptides and proteins.V 35.
260 _aCambridge
_bRSC Publishing
_c2006
300 _axx,434p.
_ccm.
650 _aBiochemistry
942 _hE9G,92Z, P6.35
_cTEXL
_2CC
999 _c785505
_d785505